000 00718nam a2200229 a 4500
003 BD-DhJNU
005 20250115042518.0
008 250114s2009 bg a rb f100 0 eng
020 _a9788183421386
040 _aBD-DhJNU
_bENG
_cBD-DhJNU
_dBD-DhJNU
082 0 0 _a579 PAE
_223
100 1 _aPatil, Sharath Chandra
245 1 0 _aEncyclopaedia of microbiology, Vol. : 1-10 /
_cSharath Chandra Patil and Ramakant Naidu
250 _a1st ed.
260 _aNew Delhi :
_bCrescent Publishing Corporation,
_c2009.
300 _av, 286 p. ;
_c23 cm.
490 _v Vol. : 1-10
504 _aIncludes bibliographical references and index.
650 0 _aMicrobiology
650 0 _aEncyclopedias
700 1 _aNaidu, Ramakant
999 _c1091
_d1091